Plantilla FC Barcelona Femení 2024/25 con fotos - Estadísticas

Estadísticas generales
  • Esta prueba ha sido intentada 143 veces
    94 desde el último reinicio
  • La puntuación promedio es 18 de 23
Estadísticas de respuestas
Imagen Hint Respuesta % Correcto
Aitana Bonmatí
97%
Alexia Putellas
97%
Mapi León
97%
Salma Paralluelo
95%
Irene Paredes
92%
Patri Guijarro
92%
Claudia Pina
91%
Cata Coll
88%
Vicky López
88%
Caroline Graham Hansen
86%
Ona Batlle
86%
Ingrid Engen
81%
Jana Fernández
81%
Marta Torrejón
80%
Fridolina Rolfö
78%
Keira Walsh
78%
Ewa Pajor
75%
Kika Nazareth
73%
Gemma Font
67%
Esmee Brugts
61%
Ellie Roebuck
58%
(f) Alba Caño
48%
(f) Judit Pujols
33%
No se encontraron pruebas coincidentes
Distribución de puntuación
Porcentaje de gente con cada puntuación
Porcentaje por número respondido
Historial de tus puntuaciones
No has intentado esta prueba desde el último reinicio